00538 a2200157 4500008004100000010001400041020002300055035001300078037001800091082001200109100002100121245007300142260004300215270009700258300002500355080821t xxu||||| |||| 00| 0 eng d aENG-85056 a8187326603c125.00 aEN-68589 bD.B.Act / Pub a181.499 aKrishnamurti, J. aThe transformation of manbthe wholeness of lifecby J. Krishnamurti aChennaibKrishnamurti Foundationc2005 aVasanta Vihar, 124, Greenways Road,bChennaicTamil Nadue600028mpublications@kfionline.org a255 p.c22 cm. (Pbk)